ចៅតុំនិងលោកតាមេឃុំ / (Record no. 4592)
[ view plain ]
| 000 -LEADER | |
|---|---|
| fixed length control field | 01850nam a22003257a 4500 |
| 001 - CONTROL NUMBER | |
| control field | 4592 |
| 003 - CONTROL NUMBER IDENTIFIER | |
| control field | FISKH |
| 005 - DATE AND TIME OF LATEST TRANSACTION | |
| control field | 20240917142953.0 |
| 008 - FIXED-LENGTH DATA ELEMENTS--GENERAL INFORMATION | |
| fixed length control field | 240917b cb ||||| |||| 00| 0 eng d |
| 020 ## - INTERNATIONAL STANDARD BOOK NUMBER | |
| International Standard Book Number | 9789995001902 |
| 040 ## - CATALOGING SOURCE | |
| Original cataloging agency | FISKH |
| Language of cataloging | Khmer |
| Transcribing agency | FISKH |
| Modifying agency | FISKH |
| 050 ## - LIBRARY OF CONGRESS CALL NUMBER | |
| Classification number | PZ7 |
| 082 ## - DEWEY DECIMAL CLASSIFICATION NUMBER | |
| Classification number | 800 |
| 100 ## - MAIN ENTRY--PERSONAL NAME | |
| Personal name | Cheung, Yim |
| Relator term | author |
| 245 ## - TITLE STATEMENT | |
| Title | ចៅតុំនិងលោកតាមេឃុំ / |
| Statement of responsibility, etc. | by Yim Cheung |
| 250 ## - EDITION STATEMENT | |
| Edition statement | បោះពុន្ពលើកទី១ឆ្នាំ២០១៣ |
| 260 ## - PUBLICATION, DISTRIBUTION, ETC. | |
| Place of publication, distribution, etc. | ភ្នំពេញ : |
| Name of publisher, distributor, etc. | គ្រឺះស្ថានបោះពុម្ពនិងចែកផ្សាយ ; |
| Date of publication, distribution, etc. | ២០១៣ . |
| 300 ## - PHYSICAL DESCRIPTION | |
| Extent | 16 pages : |
| Other physical details | color illustrations ; |
| Dimensions | 18 cm . |
| 490 ## - SERIES STATEMENT | |
| Series statement | រឿងនិទានអប់រំសម្រាប់កុមារ |
| 505 ## - FORMATTED CONTENTS NOTE | |
| Formatted contents note | Q <br/> |
| 520 ## - SUMMARY, ETC. | |
| Summary, etc. | តុំជាក្មេងម្នាក់នៅក្នុងភូមិដែលមានលោកមេឃុំស្រលាញ់រាប់អានដោយសារតែក្មេងនេះតែងតែធ្វើអោយគាត់សប្បាយ ម៉្យាងទៀតគាត់ប្រើវាបានគ្រប់យ៉ាងហើយបានអោយរង្វាន់ជាថ្នៅរយកទៅចិញ្ចឺមម្តាយផង ។ |
| 520 ## - SUMMARY, ETC. | |
| Summary, etc. | Tom is a child in the village who is loved by the commune chief because he always makes him happy, on the other hand, he uses it all and gives a reward as a nursery to feed his mother. |
| 521 8# - TARGET AUDIENCE NOTE | |
| Target audience note | 660 <br/> |
| Source | Lexile estimate <br/> |
| 521 8# - TARGET AUDIENCE NOTE | |
| Target audience note | Q <br/> |
| Source | Raz-Plus <br/> |
| 650 ## - SUBJECT ADDED ENTRY--TOPICAL TERM | |
| Topical term or geographic name entry element | លោកតាមេឃុំ |
| Form subdivision | រឿងនិទានកុមារ |
| 650 ## - SUBJECT ADDED ENTRY--TOPICAL TERM | |
| Topical term or geographic name entry element | Commune Chief |
| Form subdivision | children's stories |
| 700 ## - ADDED ENTRY--PERSONAL NAME | |
| Personal name | Visal , Seng |
| Relator term | illustrator |
| 942 ## - ADDED ENTRY ELEMENTS (KOHA) | |
| Source of classification or shelving scheme | Dewey Decimal Classification |
| Koha item type | Khmer Books |
| Suppress in OPAC | No |
| Withdrawn status | Lost status | Source of classification or shelving scheme | Damaged status | Not for loan | Collection | Home library | Current library | Shelving location | Date acquired | Total Checkouts | Full call number | Barcode | Date last seen | Copy number | Price effective from | Koha item type | Date due | Date last checked out |
|---|---|---|---|---|---|---|---|---|---|---|---|---|---|---|---|---|---|---|
| Dewey Decimal Classification | Khmer Language Books / សៀវភៅភាសាខ្មែរ | Footprints International School Library Network Toul Kork Campus | Footprints International School Library Network Toul Kork Campus | TTP Primary Khmer Bookshelves | 09/17/2024 | CHE PZ7 800 | FIS04097 | 09/17/2024 | 1 | 09/17/2024 | Khmer Books | |||||||
| Dewey Decimal Classification | Khmer Language Books / សៀវភៅភាសាខ្មែរ | Footprints International School Library Network Toul Kork Campus | Footprints International School Library Network Toul Kork Campus | TK Old Khmer Books (Rear Hallway Shelf 3) | 09/17/2024 | 1 | CHE PZ7 800 | FISTK03810 | 04/01/2026 | 2 | 09/04/2025 | Khmer Books | 04/15/2026 | 04/01/2026 |
